[Event "8. Open Bali sub-2000"]
[Site "Benidorm ESP"]
[Date "2009.12.05"]
[Round "8.5"]
[White "Bote Kobolo, Benjamin"]
[Black "Munuera Sanchez, Jorge Juan"]
[Result "1-0"]
[WhiteElo "1952"]
[BlackElo "1985"]
[PlyCount "46"]
[EventDate "2009.11.28"]
[EventType "swiss"]
[EventRounds "10"]
[EventCountry "ESP"]
[Source "lmi"]
[SourceDate "2009.11.28"]

1. e4 e5 2. Nc3 Nc6 3. Bc4 Bc5 4. Nf3 h6 5. d3 d6 6. h3 Na5 7. Bb3 Nxb3 8. axb3
a6 9. d4 exd4 10. Nxd4 Ne7 11. O-O O-O 12. Be3 Bxd4 13. Bxd4 Nc6 14. Be3 f5 15.
exf5 Bxf5 16. Ra4 a5 17. Nd5 b5 18. Rf4 Ne5 19. g4 Bd7 20. Rxf8+ Kxf8 21. f4
Nf7 22. f5 Qh4 23. Bf2 Qxh3 1-0

[Event "8. Open Bali sub-2000"]
[Site "Benidorm ESP"]
[Date "2009.12.05"]
[Round "8.7"]
[White "Navarro Martinez, Daniel"]
[Black "Palomino Menendez, Salvador"]
[Result "0-1"]
[WhiteElo "1974"]
[BlackElo "1989"]
[PlyCount "122"]
[EventDate "2009.11.28"]
[EventType "swiss"]
[EventRounds "10"]
[EventCountry "ESP"]
[Source "lmi"]
[SourceDate "2009.11.28"]

1. e4 c5 2. Nf3 d6 3. d4 cxd4 4. Nxd4 Nf6 5. Nc3 a6 6. Bg5 Nc6 7. Qd2 e5 8. Nb3
Be7 9. O-O-O Be6 10. Bxf6 gxf6 11. Nd5 Bxd5 12. exd5 Nb8 13. Be2 f5 14. h4 Bxh4
15. g3 Bf6 16. f4 Nd7 17. Rh5 Qc7 18. Rxf5 O-O-O 19. Rh5 Rdg8 20. Qd3 Rg6 21.
Rdh1 h6 22. g4 exf4 23. g5 Bxg5 24. Bg4 Kb8 25. Qh3 Nf6 26. Bf3 Nxh5 27. Bxh5
Rf6 28. Bf3 Re8 29. Nd2 Qc5 30. Kb1 Qd4 31. Qd7 Qe3 32. Nc4 Qe1+ 33. Bd1 Qxh1
34. Qxe8+ Ka7 35. Qe2 Qxd5 36. b4 Re6 37. Qf2+ Re3 38. Nxe3 fxe3 39. Qf3 Qd4
40. c3 Qxc3 41. Bb3 Bf6 42. Qe2 Qa1+ 43. Kc2 Qb2+ 44. Kd3 Qc3+ 45. Ke4 Qxb4+
46. Kf3 Qc5 47. Bxf7 Qf5+ 48. Kg2 Qf2+ 49. Qxf2 exf2 50. Kxf2 b5 51. Ke3 Kb6
52. Ke4 Kc5 53. Kd3 d5 54. Bg6 a5 55. Be8 a4 56. Kc2 a3 57. Bf7 b4 58. Kb3 Be7
59. Bh5 Kd4 60. Kc2 Ke3 61. Kd1 b3 0-1

[Event "8. Open Bali sub-2000"]
[Site "Benidorm ESP"]
[Date "2009.12.05"]
[Round "8.8"]
[White "Zamora Soler, Raul"]
[Black "Montiel Miguelez, Manuel"]
[Result "1-0"]
[WhiteElo "1988"]
[BlackElo "1970"]
[PlyCount "187"]
[EventDate "2009.11.28"]
[EventType "swiss"]
[EventRounds "10"]
[EventCountry "ESP"]
[Source "lmi"]
[SourceDate "2009.11.28"]

1. e4 c5 2. Nf3 d6 3. d4 cxd4 4. Nxd4 Nf6 5. Nc3 a6 6. f3 e6 7. Be3 b5 8. Qd2
Nbd7 9. a4 b4 10. Na2 d5 11. Nc6 Qc7 12. exd5 Nxd5 13. Ncxb4 Nxe3 14. Qxe3 Qa5
15. Qc3 Bb7 16. Nd3 Qxa4 17. b3 Qb5 18. Be2 Rc8 19. Qb2 Qg5 20. g3 Qe3 21. Rf1
Qh6 22. Rf2 Be7 23. Qc1 Qg6 24. c4 O-O 25. Qe3 Nc5 26. b4 Qf6 27. Rb1 Nxd3+ 28.
Bxd3 Rfd8 29. Rc2 Qxf3 30. Qxf3 Bxf3 31. Rb3 Ba8 32. Be2 Rb8 33. b5 axb5 34.
Rxb5 Rbc8 35. Rd2 Rxd2 36. Kxd2 Kf8 37. Nb4 Ke8 38. Bd3 h6 39. Na2 Bg5+ 40. Ke2
Bc6 41. Ra5 Rb8 42. Bc2 Rb2 43. Kd3 f5 44. Nc3 Rb8 45. Ba4 Rd8+ 46. Ke2 Rd2+
47. Kf1 Bxa4 48. Rxa4 Rxh2 49. Ra8+ Kd7 50. Ra7+ Kc6 51. Ne2 Bf6 52. Ra6+ Kc5
53. Rxe6 Kxc4 54. Kg1 Rh5 55. Nf4 Rg5 56. Kf2 Rg4 57. Kf3 Bb2 58. Re7 Ba3 59.
Rc7+ Kb3 60. Rf7 g6 61. Rf6 g5 62. Rxf5 Rxf4+ 63. gxf4 Bc1 64. fxg5 Bxg5 65.
Ke4 Kc4 66. Rf2 Kc5 67. Rf7 Kd6 68. Kf5 Kc5 69. Rd7 Kc6 70. Ke6 Kc5 71. Rd6 Kc4
72. Rd5 Kc3 73. Ke5 Kc4 74. Ke4 Bf6 75. Rd6 Bg5 76. Rc6+ Kb3 77. Kd4 Bd2 78.
Kd3 Bg5 79. Rb6+ Ka4 80. Kc4 Ka5 81. Rd6 Bf4 82. Re6 Bg5 83. Re5+ Kb6 84. Re6+
Kc7 85. Kd5 Kd7 86. Ra6 Ke7 87. Ke5 Kf7 88. Kf5 Be7 89. Rxh6 Kg7 90. Rb6 Kf7
91. Rb7 Ke8 92. Ke6 Bg5 93. Rb8+ Bd8 94. Ra8 1-0

[Event "8. Open Bali sub-2000"]
[Site "Benidorm ESP"]
[Date "2009.12.05"]
[Round "8.9"]
[White "Sanchez Dengra, Jose Maria"]
[Black "Cirjan, Daniel"]
[Result "0-1"]
[WhiteElo "1783"]
[BlackElo "1981"]
[PlyCount "69"]
[EventDate "2009.11.28"]
[EventType "swiss"]
[EventRounds "10"]
[EventCountry "ESP"]
[Source "lmi"]
[SourceDate "2009.11.28"]

1. e4 c6 2. d4 d5 3. e5 Na6 4. Nf3 g6 5. c3 Nc7 6. Bd3 h5 7. Qc2 Ne6 8. O-O Nh6
9. Re1 Nf5 10. Nbd2 Nf4 11. Bf1 Nh6 12. Nb3 Bf5 13. Qd1 Ne6 14. Nh4 Bg4 15. f3
Bf5 16. Nxf5 Nxf5 17. Bd3 a5 18. a4 Qb6 19. Qc2 h4 20. Ra3 Nfg7 21. f4 Rh5 22.
Rf1 Nf5 23. Bxf5 gxf5 24. Be3 Qc7 25. Qe2 Rh7 26. Rf3 Ng7 27. Rh3 e6 28. Ra1
Be7 29. g3 O-O-O 30. Bf2 Nh5 31. Be1 Rdh8 32. c4 hxg3 33. hxg3 Nxf4 34. Rxh7
Nxe2+ 35. Kf2 0-1

[Event "8. Open Bali sub-2000"]
[Site "Benidorm ESP"]
[Date "2009.12.05"]
[Round "8.11"]
[White "Delseny, Serge"]
[Black "Helin, Mikael"]
[Result "0-1"]
[WhiteElo "1998"]
[BlackElo "1967"]
[PlyCount "126"]
[EventDate "2009.11.28"]
[EventType "swiss"]
[EventRounds "10"]
[EventCountry "ESP"]
[Source "lmi"]
[SourceDate "2009.11.28"]

1. Nf3 c5 2. c4 Nc6 3. d4 cxd4 4. Nxd4 a6 5. e4 Qc7 6. Be2 e6 7. O-O Nf6 8. Nc3
h5 9. Nxc6 dxc6 10. Bg5 Be7 11. g3 e5 12. Qc1 Bd7 13. a3 h4 14. b4 O-O-O 15.
Ra2 Bh3 16. Re1 Rd4 17. Be3 hxg3 18. fxg3 Qd7 19. Na4 Kb8 20. Bf3 Ng4 21. Bxg4
Qxg4 22. Bxd4 exd4 23. Qf4+ Qxf4 24. gxf4 Rh4 25. Rf2 Rg4+ 26. Kh1 Bh4 27. Ref1
g5 28. Nc5 Bxf2 29. Rxf2 gxf4 30. Nd7+ Ka7 31. Ne5 Rg7 32. Nf3 d3 33. Ne1 f5
34. e5 Rd7 35. Nf3 Bg4 36. Nd2 Re7 37. Rxf4 Rxe5 38. Kg2 Re2+ 39. Rf2 Re3 40.
h4 Bh3+ 41. Kh2 Bg4 42. Kg2 Rh3 43. Nf3 Rxf3 44. Rxf3 d2 45. Rd3 d1=Q 46. Rxd1
Bxd1 47. Kg3 b6 48. Kf4 Kb7 49. Kxf5 Kc7 50. Ke5 Kd7 51. Kf6 Kd6 52. Kf5 Bb3
53. Ke4 Bxc4 54. Kd4 Bf7 55. Ke4 c5 56. Kd3 Kc6 57. Kc3 Kb5 58. a4+ Kxa4 59.
bxc5 bxc5 60. h5 Bxh5 61. Kc4 Be2+ 62. Kxc5 a5 63. Kd4 Kb3 0-1

[Event "8. Open Bali sub-2000"]
[Site "Benidorm ESP"]
[Date "2009.12.05"]
[Round "8.12"]
[White "Arroyo Rodriguez, Jesus"]
[Black "Pereira, Octavio Sergio Alfe"]
[Result "1-0"]
[WhiteElo "1994"]
[BlackElo "1959"]
[PlyCount "91"]
[EventDate "2009.11.28"]
[EventType "swiss"]
[EventRounds "10"]
[EventCountry "ESP"]
[Source "lmi"]
[SourceDate "2009.11.28"]

1. e4 e5 2. Nf3 d5 3. exd5 e4 4. Ne5 Qxd5 5. d4 exd3 6. Nxd3 Bf5 7. a3 Nc6 8.
Nc3 Qe6+ 9. Be3 O-O-O 10. Be2 Bxd3 11. cxd3 f5 12. O-O Bd6 13. Qa4 Kb8 14. Bf3
Nge7 15. Rfe1 Qf6 16. Nd5 Nxd5 17. Bxd5 Bxh2+ 18. Kxh2 Rxd5 19. Rac1 Nd4 20.
Rc4 c5 21. Bf4+ Ka8 22. Kg1 b5 23. Rxd4 cxd4 24. Qd1 Rhd8 25. Qf3 Kb7 26. b4
Qf7 27. Bg5 R8d7 28. Be7 Ka6 29. Bc5 g5 30. a4 bxa4 31. Ra1 Kb7 32. Rxa4 a6 33.
Qe2 Rxc5 34. bxc5 Qb3 35. Rc4 Ka7 36. g3 h5 37. Qe6 Qb7 38. c6 Re7 39. Qxf5 Qc7
40. Qxg5 h4 41. Qxh4 Re1+ 42. Kg2 a5 43. Qxd4+ Ka6 44. Qd7 Qb6 45. c7 Qb7+ 46.
Qc6+ 1-0

[Event "8. Open Bali sub-2000"]
[Site "Benidorm ESP"]
[Date "2009.12.05"]
[Round "8.13"]
[White "Ferrandiz Iserte, Albert"]
[Black "Rocher Munoz, Jordi"]
[Result "0-1"]
[WhiteElo "1990"]
[BlackElo "1953"]
[PlyCount "130"]
[EventDate "2009.11.28"]
[EventType "swiss"]
[EventRounds "10"]
[EventCountry "ESP"]
[Source "lmi"]
[SourceDate "2009.11.28"]

1. e4 d5 2. exd5 Qxd5 3. Nc3 Qd6 4. d4 Nf6 5. Nf3 c6 6. g3 Bg4 7. Bg2 e6 8. O-O
Qc7 9. Bf4 Bd6 10. Ne2 Nbd7 11. Bxd6 Qxd6 12. h3 Bxf3 13. Bxf3 O-O 14. Nf4 Rad8
15. Re1 e5 16. dxe5 Nxe5 17. Bg2 Qxd1 18. Raxd1 Rxd1 19. Rxd1 Re8 20. b3 g5 21.
Ne2 Nc4 22. Nc3 Na3 23. Rc1 Re5 24. Kf1 Kg7 25. Bf3 h6 26. Nd1 Nb5 27. Ne3 Nd4
28. Bg2 Ra5 29. Rd1 Ne6 30. a4 Rc5 31. c4 a5 32. Rd6 Re5 33. Nc2 Kf8 34. Rd2
Nc5 35. Nd4 Re8 36. Bf3 Rd8 37. Rd1 Re8 38. Re1 Rd8 39. Rd1 Rb8 40. Re1 Nfd7
41. Bd1 Nd3 42. Re3 N7c5 43. Bc2 Nb4 44. Bd1 Rd8 45. Bh5 Rxd4 46. Rf3 Rd7 47.
h4 Kg7 48. hxg5 hxg5 49. Bg4 Rd4 50. Bc8 b6 51. Rf5 f6 52. Rf3 Rd3 53. Rxd3
Nbxd3 54. Ke2 Nc1+ 55. Kd2 N1xb3+ 56. Kc3 Nc1 57. Kc2 Na2 58. Kb2 Nb4 59. Ka3
Nbd3 60. f3 Kf7 61. Bf5 Ke7 62. Bg6 Kd6 63. Bf7 Ke5 64. Be8 Nb4 65. Bf7 Kd4 0-1

[Event "8. Open Bali sub-2000"]
[Site "Benidorm ESP"]
[Date "2009.12.05"]
[Round "8.14"]
[White "Martin Prieto, Oscar"]
[Black "Sanchez Lopez, Diego"]
[Result "1/2-1/2"]
[WhiteElo "1967"]
[BlackElo "1990"]
[PlyCount "74"]
[EventDate "2009.11.28"]
[EventType "swiss"]
[EventRounds "10"]
[EventCountry "ESP"]
[Source "lmi"]
[SourceDate "2009.11.28"]

1. d4 e5 2. c3 exd4 3. cxd4 d5 4. Nc3 Nf6 5. Bg5 Nbd7 6. e3 c6 7. Bd3 Be7 8.
Nge2 h6 9. Bh4 Ng4 10. Bg3 Ngf6 11. O-O O-O 12. h3 Nh5 13. Bh2 f5 14. Nf4 Nxf4
15. Bxf4 Nf6 16. Qc2 Ne4 17. f3 Nxc3 18. bxc3 Bg5 19. Rae1 Bd7 20. Be5 Qe8 21.
e4 fxe4 22. fxe4 Qh5 23. exd5 cxd5 24. Bg6 Qh4 25. Bh7+ Kh8 26. Bxg7+ Kxg7 27.
Qg6+ Kh8 28. Qd6 Bf4 29. Qxd7 Qg3 30. Rxf4 Qxe1+ 31. Kh2 Qe8 32. Rxf8+ Qxf8 33.
Bf5 Qg7 34. Qxd5 Re8 35. Qd6 Qg5 36. Be6 Qf6 37. d5 Kg7 1/2-1/2

[Event "8. Open Bali sub-2000"]
[Site "Benidorm ESP"]
[Date "2009.12.05"]
[Round "8.15"]
[White "Lopez Forn, Marc"]
[Black "Macdonald, Paul H"]
[Result "1/2-1/2"]
[WhiteElo "1987"]
[BlackElo "1949"]
[PlyCount "77"]
[EventDate "2009.11.28"]
[EventType "swiss"]
[EventRounds "10"]
[EventCountry "ESP"]
[Source "lmi"]
[SourceDate "2009.11.28"]

1. e4 c5 2. Nf3 a6 3. d4 cxd4 4. Nxd4 Nf6 5. e5 Qa5+ 6. Nc3 Qxe5+ 7. Be3 Nc6 8.
Be2 d5 9. O-O Qc7 10. Re1 e5 11. Bf3 Be7 12. Nxc6 bxc6 13. Bg5 O-O 14. Bh4 e4
15. Bg3 Qd8 16. Bh5 Nxh5 17. Qxh5 g6 18. Qe2 Bf6 19. Nd1 a5 20. Rb1 Ba6 21. Qe3
Re8 22. Bf4 d4 23. Qa3 d3 24. cxd3 Bxd3 25. Rc1 Be7 26. Qb3 Bb4 27. Nc3 c5 28.
Qd5 c4 29. Qg5 h5 30. Qg3 Bxc3 31. Rxc3 Qf6 32. Bg5 Qf5 33. Qe3 Rab8 34. b3
cxb3 35. axb3 Rec8 36. Rxc8+ Rxc8 37. h4 Qc5 38. Qf4 Qc3 39. Rc1 1/2-1/2

[Event "8. Open Bali sub-2000"]
[Site "Benidorm ESP"]
[Date "2009.12.05"]
[Round "8.34"]
[White "Mogro Flores, Simon"]
[Black "De La Fuente Ortega, Alberto"]
[Result "1-0"]
[WhiteElo "1959"]
[BlackElo "1800"]
[PlyCount "46"]
[EventDate "2009.11.28"]
[EventType "swiss"]
[EventRounds "10"]
[EventCountry "ESP"]
[Source "lmi"]
[SourceDate "2009.11.28"]

1. e4 c5 2. Nf3 Nc6 3. d4 cxd4 4. Nxd4 a6 5. Bc4 e6 6. O-O Qc7 7. Be3 b5 8. Be2
Bb7 9. a4 b4 10. c3 Nf6 11. f3 bxc3 12. Nxc3 Bc5 13. Kh1 O-O 14. Nxe6 dxe6 15.
Bxc5 Rfd8 16. Qb3 Nd7 17. Be3 Na5 18. Qa2 Nb6 19. Rac1 Bc6 20. b4 Nb7 21. b5
axb5 22. Nxb5 Rxa4 23. Qxa4 Nxa4 1-0

[Event "8. Open Bali sub-2000"]
[Site "Benidorm ESP"]
[Date "2009.12.05"]
[Round "8.43"]
[White "Garcia Serrano, Jose M"]
[Black "Lopez Garcia, Francisco Andres"]
[Result "0-1"]
[WhiteElo "1902"]
[BlackElo "1995"]
[PlyCount "44"]
[EventDate "2009.11.28"]
[EventType "swiss"]
[EventRounds "10"]
[EventCountry "ESP"]
[Source "lmi"]
[SourceDate "2009.11.28"]

1. e4 c5 2. d4 cxd4 3. c3 d3 4. c4 Nf6 5. Bxd3 Nc6 6. Nc3 d6 7. h3 g6 8. Nf3
Bg7 9. O-O O-O 10. Be3 Bd7 11. Qe2 Rc8 12. Rac1 Qa5 13. Bb1 a6 14. Rfd1 Qh5 15.
Bf4 Be6 16. Nd5 Nd7 17. Bg5 Nde5 18. Bxe7 Bxh3 19. Nd4 Bg4 20. f3 Nxd4 21. Rxd4
Nxf3+ 22. gxf3 Bxd4+ 0-1

[Event "8. Open Bali sub-2000"]
[Site "Benidorm ESP"]
[Date "2009.12.05"]
[Round "8.56"]
[White "Fernandez Garcia, Javier"]
[Black "Blanco Blanco, Jesus"]
[Result "1-0"]
[WhiteElo "1950"]
[BlackElo "1804"]
[PlyCount "61"]
[EventDate "2009.11.28"]
[EventType "swiss"]
[EventRounds "10"]
[EventCountry "ESP"]
[Source "lmi"]
[SourceDate "2009.11.28"]

1. d4 d5 2. Nf3 Nf6 3. e3 Bf5 4. c4 c6 5. cxd5 Nxd5 6. Nc3 e6 7. Bc4 Bg4 8. O-O
Nd7 9. e4 N5b6 10. Bb3 Be7 11. d5 cxd5 12. exd5 e5 13. d6 Bf6 14. Nd5 O-O 15.
Bc2 h6 16. Qd3 g6 17. Bxh6 Bf5 18. Ne7+ Bxe7 19. dxe7 Qxe7 20. Bxf8 Rxf8 21.
Qe2 Bxc2 22. Qxc2 e4 23. Rfe1 Nc5 24. b4 Ne6 25. Qxe4 Qc7 26. Rac1 Qb8 27. Qe5
Qd8 28. Red1 Qa8 29. Ng5 Ng7 30. Ne4 Re8 31. Nf6+ 1-0

[Event "8. Open Bali sub-2000"]
[Site "Benidorm ESP"]
[Date "2009.12.05"]
[Round "8.74"]
[White "Fernandez Martinez, Jose"]
[Black "Diez Jover, Alberto"]
[Result "0-1"]
[WhiteElo "1808"]
[BlackElo "1894"]
[PlyCount "53"]
[EventDate "2009.11.28"]
[EventType "swiss"]
[EventRounds "10"]
[EventCountry "ESP"]
[Source "lmi"]
[SourceDate "2009.11.28"]

1. e4 c5 2. Nf3 d6 3. d4 cxd4 4. Nxd4 Nf6 5. Nc3 a6 6. Be2 e6 7. Be3 Be7 8. O-O
O-O 9. f4 Nbd7 10. Bf3 Qc7 11. Kh1 Rb8 12. Qd2 b5 13. e5 b4 14. Nce2 Nd5 15.
Bxd5 exd5 16. Nf5 Nb6 17. Nxe7+ Qxe7 18. Bxb6 Rxb6 19. Qxd5 dxe5 20. fxe5 Re6
21. Ng3 Rxe5 22. Qd2 Rd8 23. Qf2 Re8 24. Rad1 h5 25. Kg1 h4 26. Nh1 Re2 27. Qd4
0-1

[Event "8. Open Bali sub-2000"]
[Site "Benidorm ESP"]
[Date "2009.12.06"]
[Round "9.1"]
[White "Hoffmann, Roger"]
[Black "Bote Kobolo, Benjamin"]
[Result "1/2-1/2"]
[WhiteElo "1998"]
[BlackElo "1952"]
[PlyCount "100"]
[EventDate "2009.11.28"]
[EventType "swiss"]
[EventRounds "10"]
[EventCountry "ESP"]
[Source "lmi"]
[SourceDate "2009.11.28"]

1. d4 d5 2. Nf3 c6 3. e3 Nf6 4. c4 e6 5. Nc3 Nbd7 6. Qc2 Be7 7. Bd3 dxc4 8.
Bxc4 b5 9. Bd3 Bb7 10. O-O a6 11. Ne4 c5 12. dxc5 Rc8 13. b4 Nd5 14. a3 f5 15.
Ng3 Bf6 16. Bb2 O-O 17. Nh5 Nxb4 18. axb4 Bxf3 19. gxf3 Bxb2 20. Qxb2 Qg5+ 21.
Ng3 f4 22. exf4 Rxf4 23. Qb3 Rf6 24. Rxa6 Re8 25. Bxb5 Ne5 26. Bc6 Nxc6 27.
Rxc6 Rh6 28. Qc4 Rh4 29. Qc1 Qd5 30. Rd6 Qxf3 31. Qe3 Qg4 32. f4 Qh3 33. Qe2 e5
34. fxe5 h5 35. e6 Rg4 36. Qg2 Qh4 37. Qf3 Rb8 38. Rfd1 Rf8 39. Qd5 Rf2 40. e7+
Kh7 41. Kxf2 Qxh2+ 42. Qg2 Rf4+ 43. Ke3 Qxg2 44. Kxf4 g5+ 45. Kxg5 Qxg3+ 46.
Kxh5 Qe5+ 47. Kg4 Qe4+ 48. Kg3 Qe3+ 49. Kg2 Qe2+ 50. Kg1 Qe3+ 1/2-1/2

[Event "8. Open Bali sub-2000"]
[Site "Benidorm ESP"]
[Date "2009.12.06"]
[Round "9.4"]
[White "Cirjan, Daniel"]
[Black "Palomino Menendez, Salvador"]
[Result "1/2-1/2"]
[WhiteElo "1981"]
[BlackElo "1989"]
[PlyCount "177"]
[EventDate "2009.11.28"]
[EventType "swiss"]
[EventRounds "10"]
[EventCountry "ESP"]
[Source "lmi"]
[SourceDate "2009.11.28"]

1. d4 Nf6 2. Nf3 d6 3. Nc3 c6 4. e4 Qc7 5. Be2 Nbd7 6. O-O e5 7. Re1 Be7 8. Bf1
Nf8 9. h3 Ng6 10. g3 Be6 11. Be3 Rd8 12. Ng5 Bc8 13. d5 h6 14. Nf3 a6 15. a4
Nh7 16. a5 c5 17. Nd2 Bg5 18. Nc4 O-O 19. Nb6 f5 20. Nxc8 f4 21. Nb6 fxe3 22.
fxe3 Qf7 23. Qe2 Qf3 24. Kh2 Qf2+ 25. Bg2 Rf7 26. Nc4 Be7 27. Rf1 Qxe2 28. Nxe2
Rdf8 29. Rxf7 Rxf7 30. Rf1 Nf6 31. Nc3 h5 32. h4 Ng4+ 33. Kg1 Rxf1+ 34. Bxf1
Nf8 35. Bh3 Nh7 36. Bxg4 hxg4 37. Nd1 Kf7 38. Nf2 Nf6 39. Kf1 Ke8 40. Kg2 Kf7
41. c3 Kg6 42. b4 cxb4 43. cxb4 Kh5 44. Kf1 Nh7 45. Nd1 g5 46. hxg5 Nxg5 47.
Nc3 Kg6 48. Ke2 Kf7 49. Kd3 Ke8 50. Nd1 Nf7 51. Nf2 Nh6 52. Nd2 Kf7 53. Kc4 Bd8
54. Kb3 Bg5 55. Nc4 Ke7 56. Ka4 Kd7 57. b5 Be7 58. b6 Bf8 59. Kb3 Ke7 60. Nd2
Kf6 61. Nf1 Kg5 62. Nh2 Be7 63. Kc4 Kh5 64. Nd3 Ng8 65. Nb4 Bd8 66. Nc6 Bg5 67.
Kd3 Nh6 68. Nf1 Nf7 69. Nb4 Bd8 70. Nd2 Kg5 71. Nc4 Kf6 72. Nb2 Ke7 73. Nd1 Nh6
74. Nc3 Kd7 75. Nd1 Ng8 76. Nf2 Nf6 77. Na2 Ke7 78. Nc3 Kf7 79. Nb1 Kg6 80. Nd2
Kg5 81. Nf1 Nd7 82. Kc4 Be7 83. Kc3 Kh5 84. Nd3 Nf8 85. Nb4 Nd7 86. Nd3 Bg5 87.
Kc4 Bd8 88. Kc3 Nf6 89. Nf2 1/2-1/2

[Event "8. Open Bali sub-2000"]
[Site "Benidorm ESP"]
[Date "2009.12.06"]
[Round "9.6"]
[White "Dimitrijevic, Dragan"]
[Black "Arroyo Rodriguez, Jesus"]
[Result "1-0"]
[WhiteElo "1979"]
[BlackElo "1994"]
[PlyCount "71"]
[EventDate "2009.11.28"]
[EventType "swiss"]
[EventRounds "10"]
[EventCountry "ESP"]
[Source "lmi"]
[SourceDate "2009.11.28"]

1. Nf3 Nf6 2. c4 c6 3. Nc3 d5 4. d4 Bf5 5. Qb3 Qb6 6. c5 Qxb3 7. axb3 Na6 8.
Ra4 Ne4 9. Bf4 e6 10. e3 Naxc5 11. dxc5 Nxc5 12. Ra2 Nxb3 13. Nd4 Nxd4 14. exd4
Be7 15. Be2 O-O 16. O-O Bf6 17. Be5 Bxe5 18. dxe5 Rfd8 19. Bf3 f6 20. Re1 d4
21. Nd1 Kf7 22. Ra4 a6 23. b4 fxe5 24. Rxe5 Kf6 25. Re1 e5 26. Ra5 Re8 27. Be4
b6 28. Ra3 Re6 29. Rf3 g6 30. g4 Rd6 31. gxf5 g5 32. Rh3 Rh8 33. Nb2 c5 34. Nc4
Rdd8 35. bxc5 bxc5 36. Rh6+ 1-0

[Event "8. Open Bali sub-2000"]
[Site "Benidorm ESP"]
[Date "2009.12.06"]
[Round "9.7"]
[White "Helin, Mikael"]
[Black "Kolev, Vasil"]
[Result "1/2-1/2"]
[WhiteElo "1967"]
[BlackElo "1996"]
[PlyCount "125"]
[EventDate "2009.11.28"]
[EventType "swiss"]
[EventRounds "10"]
[EventCountry "ESP"]
[Source "lmi"]
[SourceDate "2009.11.28"]

1. e4 c5 2. Nc3 Nc6 3. g3 g6 4. Bg2 Bg7 5. d3 e6 6. Be3 d6 7. Qd2 Rb8 8. f4
Nge7 9. e5 dxe5 10. Ne4 O-O 11. h4 f5 12. Ng5 exf4 13. gxf4 Bxb2 14. Rb1 Bg7
15. h5 Nd5 16. Ne2 Nxe3 17. Qxe3 Nd4 18. Qh3 h6 19. hxg6 e5 20. Nf7 Rxf7 21.
gxf7+ Kxf7 22. Qh5+ Kf8 23. c4 e4 24. dxe4 Qa5+ 25. Kf2 Qxa2 26. e5 Be6 27.
Rxb7 Rxb7 28. Bxb7 Bxc4 29. Bf3 Nxf3 30. Qxf3 Bd5 31. Qh3 Bxh1 32. Qxh1 Kg8 33.
Qc6 Qf7 34. Ng3 Bf8 35. e6 Qf6 36. Kg2 a5 37. Qd5 Be7 38. Nxf5 a4 39. Kf3 Kh7
40. Qc4 Kg8 41. Qe4 c4 42. Qa8+ Kh7 43. Qd5 Kg6 44. Ng3 c3 45. Qh5+ Kh7 46. f5
c2 47. Ne4 Qg7 48. f6 Bxf6 49. Qf5+ Kh8 50. Qf4 Bg5 51. Nxg5 hxg5 52. Qh2+ Kg8
53. Qxc2 Qf6+ 54. Kg4 Qf4+ 55. Kh3 Qh4+ 56. Kg2 Qg4+ 57. Kh2 Qf4+ 58. Kg2 Kg7
59. Qd3 Kf6 60. Qd7 Qe4+ 61. Kg3 Qe3+ 62. Kg2 Qe2+ 63. Kg3 1/2-1/2

[Event "8. Open Bali sub-2000"]
[Site "Benidorm ESP"]
[Date "2009.12.06"]
[Round "9.8"]
[White "Rocher Munoz, Jordi"]
[Black "Maza Broto, Pablo"]
[Result "0-1"]
[WhiteElo "1953"]
[BlackElo "1990"]
[PlyCount "94"]
[EventDate "2009.11.28"]
[EventType "swiss"]
[EventRounds "10"]
[EventCountry "ESP"]
[Source "lmi"]
[SourceDate "2009.11.28"]

1. d4 d5 2. Nf3 Nf6 3. b3 Bf5 4. e3 e6 5. Ne5 Nbd7 6. g4 Nxe5 7. gxf5 Ned7 8.
fxe6 fxe6 9. Bh3 Qe7 10. Bb2 O-O-O 11. Nd2 Kb8 12. f4 Ne4 13. Nxe4 Qh4+ 14. Ng3
Qxh3 15. Qh5 Qxh5 16. Nxh5 g6 17. Ng3 Be7 18. h4 Nf6 19. Ke2 Rhg8 20. Rag1 Nh5
21. Bc3 Nf6 22. Bb2 Kc8 23. Nf1 Kd7 24. Nd2 Nh5 25. Nf3 Bf6 26. Ba1 Rc8 27. Kd3
c5 28. c3 Rc6 29. Rh2 c4+ 30. Kc2 cxb3+ 31. axb3 a5 32. Kd3 b5 33. Bb2 Ra6 34.
Ba3 Be7 35. Bxe7 Kxe7 36. Ra2 Rc8 37. Rga1 Rac6 38. Rxa5 Rxc3+ 39. Kd2 Rxb3 40.
Ng5 Rb2+ 41. Kd1 Kf6 42. Ra6 Rcc2 43. Rxe6+ Kf5 44. e4+ dxe4 45. Rxe4 Nxf4 46.
Ra8 Rd2+ 47. Ke1 Nd3+ 0-1

[Event "8. Open Bali sub-2000"]
[Site "Benidorm ESP"]
[Date "2009.12.06"]
[Round "9.9"]
[White "Munuera Sanchez, Jorge Juan"]
[Black "Hall, Rachid"]
[Result "1-0"]
[WhiteElo "1985"]
[BlackElo "1969"]
[PlyCount "79"]
[EventDate "2009.11.28"]
[EventType "swiss"]
[EventRounds "10"]
[EventCountry "ESP"]
[Source "lmi"]
[SourceDate "2009.11.28"]

1. e4 c5 2. Nc3 Nc6 3. f4 e6 4. Nf3 d5 5. Bb5 Nge7 6. exd5 exd5 7. Qe2 a6 8.
Bxc6+ bxc6 9. d3 Be6 10. O-O Nf5 11. g4 Nd4 12. Nxd4 cxd4 13. Na4 Be7 14. f5
Bc8 15. g5 O-O 16. f6 Bd6 17. Qh5 Ra7 18. Bf4 gxf6 19. Bxd6 Qxd6 20. Rxf6 Qe5
21. Raf1 Re7 22. Nc5 Qe3+ 23. Kg2 Re5 24. R1f4 Qd2+ 25. Kg1 Qc1+ 26. Kg2 Qd2+
27. Kg1 Re1+ 28. Rf1 Qe3+ 29. Kg2 Rxf1 30. Rxf1 Kh8 31. g6 h6 32. gxf7 Kg7 33.
Nb3 Be6 34. Qh4 Kh7 35. Nxd4 Bxf7 36. Qf4 Qe8 37. Kh1 c5 38. Qf5+ Kh8 39. Qf6+
Kh7 40. Nf5 1-0

[Event "8. Open Bali sub-2000"]
[Site "Benidorm ESP"]
[Date "2009.12.06"]
[Round "9.10"]
[White "Lopez Heras, Arturo"]
[Black "Torras Campdelacreu, Xavier"]
[Result "0-1"]
[WhiteElo "1979"]
[BlackElo "1962"]
[PlyCount "54"]
[EventDate "2009.11.28"]
[EventType "swiss"]
[EventRounds "10"]
[EventCountry "ESP"]
[Source "lmi"]
[SourceDate "2009.11.28"]

1. e4 c5 2. Nf3 Nc6 3. c3 d5 4. e5 Bg4 5. Bb5 Bxf3 6. Qxf3 e6 7. O-O Nge7 8. d4
a6 9. Bxc6+ Nxc6 10. Be3 cxd4 11. cxd4 Qb6 12. Nc3 Qb4 13. a3 Qxb2 14. Nxd5
exd5 15. Rab1 Qa2 16. Rxb7 Be7 17. Bg5 O-O 18. Bxe7 Nxd4 19. Qg4 Qc4 20. Re1
Rfb8 21. Bf6 Ne6 22. Rxb8+ Rxb8 23. Qxc4 dxc4 24. Be7 Rb3 25. g3 c3 26. Kg2 c2
27. Bb4 Rb1 0-1

[Event "8. Open Bali sub-2000"]
[Site "Benidorm ESP"]
[Date "2009.12.06"]
[Round "9.11"]
[White "Oliva Llorens, Antoni"]
[Black "Sanz Garcia, Roberto"]
[Result "1-0"]
[WhiteElo "1973"]
[BlackElo "1944"]
[PlyCount "55"]
[EventDate "2009.11.28"]
[EventType "swiss"]
[EventRounds "10"]
[EventCountry "ESP"]
[Source "lmi"]
[SourceDate "2009.11.28"]

1. e4 c5 2. Nc3 Nc6 3. g3 g6 4. Bg2 Bg7 5. d3 d6 6. f4 e6 7. Nf3 Nge7 8. O-O a6
9. Be3 Nd4 10. Rb1 Nec6 11. Ne2 Qa5 12. a3 Qa4 13. Nexd4 Nxd4 14. c3 Nxf3+ 15.
Bxf3 Qxd1 16. Rfxd1 b6 17. e5 d5 18. b4 cxb4 19. axb4 Rb8 20. c4 dxc4 21. dxc4
Bf8 22. Bc6+ Ke7 23. b5 Bh6 24. bxa6 Bxa6 25. Bxb6 Rxb6 26. Rd7+ Kf8 27. Rxb6
Bxc4 28. Rbb7 1-0